|
|
|
|
| LEADER |
00000cam a2200000 7i4500 |
| 001 |
0000002104 |
| 005 |
20021014.0 |
| 020 |
0 |
0 |
|a 9835807167
|
| 090 |
0 |
0 |
|a 005.369
|b KIN 2002
|
| 100 |
1 |
0 |
|a KINKOPH
|h Shirley
|
| 245 |
1 |
0 |
|a Bagaimana mengguna Microsoft Office XP
|c Shirley Kinkoph, Jennifer Fulton; alih bahasa Khor Goik Keow
|
| 260 |
0 |
0 |
|a Shah Alam, Selangor :
|b Federal Pub. ,
|c 2002
|
| 300 |
|
|
|a 321 p. :
|b ill. ;
|c 26 cm.
|
| 440 |
0 |
0 |
|a Siri visual Federal
|
| 500 |
0 |
0 |
|a Includes index
|
| 650 |
0 |
0 |
|a Integrated software
|
| 650 |
0 |
0 |
|a Microsoft Office
|
| 650 |
0 |
0 |
|a Microsoft Windows (Computer file)
|
| 700 |
0 |
1 |
|a Fulton
|h Jennifer
|
| 700 |
0 |
1 |
|a Khor
|h Goik Keow
|
| 998 |
|
|
|a JPSM
|
| 999 |
|
|
|a 0000003495
|b Monograph
|c Open Shelf
|e Default branch
|